00524 2200169 4500001002100000008004100021035002000062245008600082100001500168260005000183300002400233020002200257084001700279082001100296650003400307990001300341INLIS000000000000279 ind  a0010-0120000279 aPenerapan Fikih 1buntuk Kelas VII Madrasah TsanawiyahcT. Ibrahim dan H. Darsono aIbrahim, T aSolo :bTiga Serangkai Pustaka Mandiri,c2009 ax, 150 hlm.c25 cm. a978-979-018-276-9 a297.14 IBR p a297.14 aFikih -- Studi dan Pengajaran a21900279